[Event "2011 SC Site Championship, Pre Round, Round 2"]
[Site "SchemingMind.com"]
[Date "2010.11.11"]
[Round "2"]
[White "Olli Ylönen"]
[Black "simon_w"]
[Result "0-1"]
[WhiteCountry "FIN"]
[BlackCountry "IRL"]
[WhiteElo "1607"]
[WhiteRD "58"]
[BlackElo "1873"]
[BlackRD "83"]
[GameID "266109"]

1. d4 d5 2. Nf3 Nf6 3. c4 g6 4. cxd5 Nxd5 5. e4 Nb6 6. h3 Bg7 7. Nc3 O-O 8. Be3 N8d7 9. Be2 e5 10. d5 c6
11. dxc6 bxc6 12. Rc1 Bb7 13. O-O Qe7 14. Qd2 Rfd8 15. a3 Rac8 16. Bxb6 axb6 17. Qe3 Nc5 18. b4 Nb3 19. Rcd1 Nd4 20. Qc1 c5
21. bxc5 Rxc5 22. Qb2 Rxc3 23. Nxd4 exd4 24. Qxb6 Bxe4
0-1

[Event "2011 SC Site Championship, Pre Round, Round 2"]
[Site "SchemingMind.com"]
[Date "2010.11.06"]
[Round "2"]
[White "Thomas Meehan"]
[Black "Abacist"]
[Result "0-1"]
[WhiteCountry "ENG"]
[BlackCountry "USA"]
[WhiteElo "1692"]
[WhiteRD "94"]
[BlackElo "1724"]
[BlackRD "154"]
[GameID "266111"]

1. c4 e5 2. Nc3 Nf6 3. Nf3 Nc6 4. g3 Bc5 5. Bg2 O-O 6. O-O Re8 7. d3 h6 8. e4 a6 9. Nd5 d6 10. Bd2 Nd4
11. b4 Nxf3+ 12. Bxf3 Bd4 13. Rc1 c6 14. Nxf6+ Qxf6 15. Bc3 c5 16. Qa4 Be6 17. Bg2 Qe7 18. b5 axb5 19. Qxb5 Rxa2 20. Ra1 Rea8
21. Bxd4 exd4 22. Rxa2 Rxa2 23. Rb1 Bc8 24. h4 Qf6 25. f4 g5 26. hxg5 hxg5 27. f5 Qd8 28. g4 Kg7 29. Qb6 Qxb6 30. Rxb6 Ra6
31. Rb5 Kf6 32. Bf1 Ra2 33. Rb6 Ke7 34. f6+ Ke6 35. Bg2 Ra3 36. Bf1= Ra6 37. Rb2 Kxf6 38. Be2 Ke7 39. Kf2 Kd8 40. Rb1 f6
41. Rh1 Bd7 42. Rh6 Ke7 43. Kg3 b5 44. Rh8 bxc4 45. dxc4 Ra3+ 46. Bf3 Rc3 47. Rh7+ Ke6 48. Rh8 Rxc4 49. Be2 Rc3+ 50. Kf2 Re3
51. Bf3 Bc6 52. Rc8 Bxe4 53. Bxe4 Rxe4 54. Re8+ Kd5 55. Rxe4 Kxe4 56. Ke2 c4 57. Kd2 Kf3
0-1

[Event "2011 SC Site Championship, Pre Round, Round 2"]
[Site "SchemingMind.com"]
[Date "2010.11.11"]
[Round "2"]
[White "palaciorep"]
[Black "JPT"]
[Result "1/2-1/2"]
[WhiteCountry "ARG"]
[BlackCountry "INT"]
[WhiteElo "1664"]
[WhiteRD "92"]
[BlackElo "1845"]
[BlackRD "93"]
[GameID "266113"]

1. e4 d5 2. e5 Bf5 3. d4 e6 4. Nc3 Bb4 5. Bd2 Nc6 6. Bb5 Ne7 7. Nce2 Bxd2+ 8. Qxd2 O-O 9. Bxc6 Nxc6 10. Ng3 Bg6
11. Nf3 Ne7 12. O-O Nf5 13. c3 Rc8 14. Nxf5 Bxf5 15. h3 c5 16. dxc5 Rxc5 17. Nd4 Bg6 18. Rae1 a6 19. Re3 Qe7 20. Rg3 Rcc8
21. f4 Be4 22. f5 exf5 23. Nxf5 Qxe5 24. Rg5 Qe6 25. Rxg7+ Kh8 26. Qd4 f6 27. Re7 Qc6 28. Ng3 Qd6 29. Rxe4 Qxg3 30. Qxd5 Rg8
31. Re2 Rc6 32. Rf3 Qd6 33. Qb3 Rb6 34. Qc2 Qc5+ 35. Ref2 Re6 36. Qc1 Rge8 37. Kh2 Qd6+ 38. g3 Re2 39. Qf1 Re1 40. Qg2 R1e6
41. Rf4 b5 42. Qf3 Re3 43. Qh5 Rf8 44. Qh4 Re6 45. Rf5 Qc6 46. Qd4 Re1 47. Rf1=
1/2-1/2

[Event "2011 SC Site Championship, Pre Round, Round 2"]
[Site "SchemingMind.com"]
[Date "2010.11.12"]
[Round "2"]
[White "PankracyRozumek"]
[Black "MARISCAL"]
[Result "0-1"]
[WhiteCountry "POL"]
[BlackCountry "ESP"]
[WhiteElo "1837"]
[WhiteRD "88"]
[BlackElo "2297"]
[BlackRD "85"]
[GameID "266114"]

1. e4 e6 2. Qe2 e5 3. Nf3 Nc6 4. c3 d6 5. d3 Nf6 6. Be3 d5 7. Qc2 d4 8. cxd4 exd4 9. Bd2 Be7 10. a3 O-O
11. g3 Nd7 12. Bg2 f5 13. exf5 Rxf5 14. Bf4 g5 15. Bd2 Qf8 16. Qd1 g4 17. Nh4 Bxh4 18. gxh4 Nde5 19. O-O Nf3+ 20. Bxf3 Rxf3
21. Qe2 Bd7 22. Bb4 Re8 23. Qd1 Qf6 24. Nd2 Rh3 25. Ne4 Qf4
0-1

[Event "2011 SC Site Championship, Pre Round, Round 2"]
[Site "SchemingMind.com"]
[Date "2010.11.11"]
[Round "2"]
[White "paradox"]
[Black "chesshub"]
[Result "0-1"]
[WhiteCountry "GER"]
[BlackCountry "FRA"]
[WhiteElo "2134"]
[WhiteRD "117"]
[BlackElo "2407"]
[BlackRD "77"]
[GameID "266115"]

1. Nf3 d5 2. g3 Nf6 3. Bg2 c6 4. O-O Bg4 5. d3 Nbd7 6. Nbd2 e5 7. e4 dxe4 8. dxe4 Bc5 9. h3 Bh5 10. Qe1 O-O
11. Nc4 Re8 12. a4 Qc7 13. Nh4 Bf8 14. Bg5 Re6 15. g4 Bg6 16. Nxg6 hxg6 17. a5 Ree8 18. Be3 Bc5 19. b4 Bxe3 20. Qxe3 Nf8
21. Rfd1 Ne6 22. Rd2 c5 23. b5 Red8 24. Rxd8+ Rxd8 25. b6 axb6 26. axb6 Qe7 27. Bf1 Nf4 28. c3 Nh7 29. Kh2 Ng5 30. h4 Nge6
31. Qg3 f6 32. Ra7 Qd7 33. Na5 Qd1 34. Bc4 Kh7 35. Nxb7 Rd2 36. Ra2 Rxa2 37. Bxa2 Ne2 38. Qg2 N6f4 39. Qh1 Qd7 40. Nxc5 Qxg4
41. Qg2 Qxg2#
0-1

[Event "2011 SC Site Championship, Pre Round, Round 2"]
[Site "SchemingMind.com"]
[Date "2010.11.07"]
[Round "2"]
[White "pawngrabber"]
[Black "Dreadtower"]
[Result "1-0"]
[WhiteCountry "ENG"]
[BlackCountry "ENG"]
[WhiteElo "1960"]
[WhiteRD "82"]
[BlackElo "1843"]
[BlackRD "105"]
[GameID "266116"]

1. d4 Nf6 2. c4 e6 3. Nf3 b6 4. g3 Ba6 5. Qc2 d5 6. cxd5 Nxd5 7. Bg2 Be7 8. Nc3 O-O 9. O-O Nd7 10. Re1 Bb7
11. Nxd5 Bxd5 12. Bf4 c5 13. e4 Bb7 14. d5 exd5 15. exd5 Nf6 16. Rad1 Nxd5 17. Rxe7 Qxe7 18. Ng5 f5 19. Bxd5+ Bxd5 20. Rxd5 h6
21. Nf3 Qf7 22. Qd3 Qf6 23. Be5 Qf7 24. Rd7 Qg6 25. Rxg7+ Qxg7 26. Bxg7 Kxg7 27. Qd7+ Rf7 28. Qe6 Rf6 29. Qd5 Raf8 30. Ne5 f4
31. Nd7 Rf5 32. Qe6 R8f7 33. g4 Rg5 34. f3 Rff5 35. h4
1-0

[Event "2011 SC Site Championship, Pre Round, Round 2"]
[Site "SchemingMind.com"]
[Date "2010.11.11"]
[Round "2"]
[White "PawnPusherPete"]
[Black "Quirine"]
[Result "1-0"]
[WhiteCountry "ENG"]
[BlackCountry "NED"]
[WhiteElo "2216"]
[WhiteRD "70"]
[BlackElo "1873"]
[BlackRD "84"]
[GameID "266117"]

1. e4 e6 2. d4 d5 3. Nc3 Nf6 4. e5 Nfd7 5. f4 c5 6. Nf3 Nc6 7. Be3 a6 8. Qd2 b5 9. a3 b4 10. axb4 cxb4
11. Nd1 a5 12. Bd3 Ba6 13. O-O Be7 14. f5 exf5 15. Bxa6 Rxa6 16. Qd3 Qc8 17. Qxf5 O-O 18. e6 Nf6 19. exf7+ Kxf7 20. Ng5+ Kg8
21. Qd3 g6 22. Ne6 Rf7 23. b3 Ra7 24. Ng5 Rf8 25. Rf3 Bd6 26. c4 Ng4 27. Rxf8+ Qxf8 28. Nf3
1-0

[Event "2011 SC Site Championship, Pre Round, Round 2"]
[Site "SchemingMind.com"]
[Date "2010.11.07"]
[Round "2"]
[White "pjl1015"]
[Black "Tumbleweed"]
[Result "1-0"]
[WhiteCountry "USA"]
[BlackCountry "ENG"]
[WhiteElo "2478"]
[WhiteRD "112"]
[BlackElo "1319"]
[BlackRD "107"]
[GameID "266119"]

1. d4 Nf6 2. c4 e6 3. Nc3 c5 4. d5 exd5 5. cxd5 Qa5 6. e4 Nxe4 7. Qe2 Be7 8. Qxe4 Qb4 9. Bc4 d6 10. Nf3 a6
11. Bf4 b5 12. Bxd6 O-O 13. Qxe7 Nd7 14. Bb3 Bb7 15. Qxd7 Bc8 16. Qc7 Re8+ 17. Ne5 Rf8 18. Bxf8 Qf4 19. Ne2 Qf6 20. Be7
1-0

[Event "2011 SC Site Championship, Pre Round, Round 2"]
[Site "SchemingMind.com"]
[Date "2010.11.10"]
[Round "2"]
[White "Quaff"]
[Black "Wolli"]
[Result "0-1"]
[WhiteCountry "ENG"]
[BlackCountry "GER"]
[WhiteElo "1705"]
[WhiteRD "92"]
[BlackElo "1896"]
[BlackRD "90"]
[GameID "266120"]

1. e4 d6 2. d4 Nf6 3. Nc3 g6 4. Nf3 Bg7 5. Be3 O-O 6. Be2 Bg4 7. O-O Nc6 8. h3 Bxf3 9. Bxf3 e5 10. d5 Ne7
11. Be2 c6 12. Bc4 cxd5 13. Bxd5 Nexd5 14. Nxd5 Nxe4 15. f3 Ng3 16. Re1 Nf5 17. Bf2 Qd7 18. c3 Rfc8 19. a4 Ne7 20. Ne3 d5
21. Ng4 Nc6 22. a5 a6 23. Bb6 Re8 24. Qc2 d4 25. cxd4 exd4 26. Rad1 Rxe1+ 27. Rxe1 Re8 28. Rd1 Qe6 29. Kh2 f5 30. Nf2 Qe2
31. Qb3+ Kh8 32. Nd3 Re3
0-1

[Event "2011 SC Site Championship, Pre Round, Round 2"]
[Site "SchemingMind.com"]
[Date "2010.11.11"]
[Round "2"]
[White "Quirine"]
[Black "PankracyRozumek"]
[Result "0-1"]
[WhiteCountry "NED"]
[BlackCountry "POL"]
[WhiteElo "1873"]
[WhiteRD "84"]
[BlackElo "1837"]
[BlackRD "88"]
[GameID "266121"]

1. d4 Nf6 2. Nf3 g6 3. c4 Bg7 4. Nc3 O-O 5. e4 d6 6. Be2 e5 7. O-O Nc6 8. d5 Ne7 9. Ne1 Nd7 10. Be3 f5
11. f3 f4 12. Bf2 g5 13. a4 a5 14. Nb5 h5
0-1

[Event "2011 SC Site Championship, Pre Round, Round 2"]
[Site "SchemingMind.com"]
[Date "2010.11.11"]
[Round "2"]
[White "Raimondi"]
[Black "Frankygolucky"]
[Result "0-1"]
[WhiteCountry "PER"]
[BlackCountry "GBR"]
[WhiteElo "1646"]
[WhiteRD "87"]
[BlackElo "1869"]
[BlackRD "96"]
[GameID "266122"]

1. e4 e6 2. d4 d5 3. Nc3 Nf6 4. Bg5 Be7 5. e5 Nfd7 6. h4 Bxg5 7. hxg5 Qxg5 8. Qd3 Nf8 9. Nh3 Qe7 10. Nf4 Nc6
11. O-O-O Bd7 12. Kb1 O-O-O 13. g4 Ng6 14. Nh5 f6 15. f4 fxe5 16. fxe5 Rdf8 17. Qe3 Rf7 18. Bh3 Rhf8 19. Rdf1 Ngxe5 20. dxe5 d4
21. Qe1 Rxf1 22. Rxf1 Rxf1 23. Bxf1 dxc3 24. Qxc3 Qg5 25. Be2 Nxe5 26. Qd4 b6 27. a3 c5 28. Qg1 Bc6 29. Qg3 Kd7 30. Nf4 g6
31. Nd3 Nxd3 32. Qxd3+ Kc7 33. Qh3 h6 34. Qb3 Bd5 35. Qg3+ e5 36. Bd3 Kd6 37. c3 Be6 38. Be2 Qd2
0-1

[Event "2011 SC Site Championship, Pre Round, Round 2"]
[Site "SchemingMind.com"]
[Date "2010.11.11"]
[Round "2"]
[White "reptile"]
[Black "Aadsje"]
[Result "1/2-1/2"]
[WhiteCountry "ISR"]
[BlackCountry "NED"]
[WhiteElo "2040"]
[WhiteRD "79"]
[BlackElo "2058"]
[BlackRD "67"]
[GameID "266123"]

1. e4 Nc6 2. c3 d5 3. exd5 Qxd5 4. d4 Bf5 5. Nf3 e5 6. Be2 e4 7. Nh4 Be6 8. g3 g5 9. Ng2 O-O-O 10. Ne3 Qd7
11. Na3 Bxa3 12. bxa3 Nge7 13. Rb1 f5 14. Qa4 f4 15. Ba6 Rdf8 16. Rxb7 Kd8 17. Nc4 e3 18. fxe3 Bd5 19. Rg1 f3 20. Rf1 f2+
21. Rxf2 Rxf2 22. Kxf2 Qh3 23. Ke1 Rf8 24. Ne5 Qxh2 25. Be2 Rf2 26. Qb5 Qxg3=
1/2-1/2

[Event "2011 SC Site Championship, Pre Round, Round 2"]
[Site "SchemingMind.com"]
[Date "2010.11.06"]
[Round "2"]
[White "robertoi72"]
[Black "lemme howdt"]
[Result "1-0"]
[WhiteCountry "ITA"]
[BlackCountry "USA"]
[WhiteElo "1887"]
[WhiteRD "105"]
[BlackElo "1625"]
[BlackRD "78"]
[GameID "266124"]

1. d4 d5 2. c4 c6 3. Nf3 Nf6 4. Nc3 Bg4 5. Ne5 Bf5 6. cxd5 Nxd5 7. Qb3 Qb6 8. Nxd5 cxd5 9. Qxd5 Qb4+ 10. Bd2 Be6
11. Qxe6 Qxd2+ 12. Kxd2 fxe6 13. e4 g6 14. Bb5+ Kd8 15. Nf7+ Kc7 16. Nxh8 a6 17. Rac1+ Kb6 18. Ba4 Bh6+ 19. Kd3 Bxc1 20. Rxc1 Nc6
21. Nf7 Rf8 22. Bxc6 Rxf7 23. Bd7 Rxf2 24. Bxe6 Rxb2 25. Kc3 Rxg2 26. Rb1+ Kc7 27. e5 Rxh2 28. Rf1 b5 29. Rf7 Kb6 30. Rxe7 a5
31. Bd5 Rh3+ 32. Kb2 Rh2+ 33. Kb1 Rd2 34. Rb7+ Ka6 35. e6 Rxd4 36. Bf3 Rd3 37. e7 Re3 38. Rd7 Rxf3 39. e8=Q Rf1+ 40. Kb2 Rf2+
41. Kc3 Rf3+ 42. Kd4 Rf4+ 43. Kc5 Rc4+ 44. Kd5 a4 45. Qa8+ Kb6 46. Qa7#
1-0

[Event "2011 SC Site Championship, Pre Round, Round 2"]
[Site "SchemingMind.com"]
[Date "2010.11.11"]
[Round "2"]
[White "roscoe"]
[Black "Clive Everill"]
[Result "0-1"]
[WhiteCountry "USA"]
[BlackCountry "CZE"]
[WhiteElo "1437"]
[WhiteRD "91"]
[BlackElo "1684"]
[BlackRD "49"]
[GameID "266125"]

1. Nf3 d5 2. d4 Bg4 3. Nbd2 Nf6 4. h3 Bxf3 5. exf3 e6 6. a3 c5 7. Bb5+ Nc6 8. O-O cxd4 9. f4 Bd6 10. c4 a6
11. Bxc6+ bxc6 12. Qa4 Qd7 13. cxd5 Nxd5 14. Qxd4 O-O 15. b4 Nxf4 16. Re1 Nxh3+ 17. Kh1 Nf4 18. g3 Nd5 19. Nc4 Bc7 20. Bb2 f6
21. Kg2 e5 22. Qc5 Rfb8 23. Rab1 Rb5
0-1

[Event "2011 SC Site Championship, Pre Round, Round 2"]
[Site "SchemingMind.com"]
[Date "2010.11.10"]
[Round "2"]
[White "saxon"]
[Black "Mark_Noble"]
[Result "1/2-1/2"]
[WhiteCountry "GER"]
[BlackCountry "NZL"]
[WhiteElo "2438"]
[WhiteRD "112"]
[BlackElo "2147"]
[BlackRD "106"]
[GameID "266126"]

1. e4 c5 2. Nf3 d6 3. d4 cxd4 4. Nxd4 Nf6 5. Nc3 a6 6. Be3 e5 7. Nb3 Be6 8. f3 h5 9. Qd2 Nbd7 10. O-O-O Be7
11. Kb1 b5 12. Nd5 Bxd5= 13. exd5 Nb6 14. Bxb6=
1/2-1/2

[Event "2011 SC Site Championship, Pre Round, Round 2"]
[Site "SchemingMind.com"]
[Date "2010.11.11"]
[Round "2"]
[White "sdreichert"]
[Black "Olli Ylönen"]
[Result "0-1"]
[WhiteCountry "USA"]
[BlackCountry "FIN"]
[WhiteElo "1439"]
[WhiteRD "102"]
[BlackElo "1559"]
[BlackRD "59"]
[GameID "266127"]

1. d4 Nf6 2. Nf3 g6 3. Nc3 d5 4. e3 Bg7 5. Bd3 O-O 6. O-O Bg4 7. h3 Bxf3 8. Qxf3 e6 9. Ne2 Nc6 10. c3 e5
11. dxe5 Nxe5
0-1

[Event "2011 SC Site Championship, Pre Round, Round 2"]
[Site "SchemingMind.com"]
[Date "2010.11.07"]
[Round "2"]
[White "sibelius"]
[Black "thefriediceman"]
[Result "1-0"]
[WhiteCountry "USA"]
[BlackCountry "USA"]
[WhiteElo "2311"]
[WhiteRD "82"]
[BlackElo "1974"]
[BlackRD "75"]
[GameID "266128"]

1. e4 e5 2. Nf3 Nc6 3. d4 exd4 4. Bc4 Nf6 5. e5 d5 6. Bb5 Ne4 7. Nxd4 Bd7 8. Bxc6 bxc6 9. O-O Bc5 10. Be3 Qe7
11. Re1 O-O 12. f3 Ng5 13. Nc3 Bb6 14. Qd2 Ne6 15. a3 Nxd4 16. Bxd4 Bf5 17. Na4 Bxd4+ 18. Qxd4 Bxc2 19. Rac1 Bxa4 20. Qxa4 Rfd8
21. Rxc6 d4 22. e6 d3 23. Qc4 Rac8 24. Rd1 d2 25. exf7+ Qxf7 26. Qe2 Qd5 27. Rc2 Qd4+ 28. Kf1 Re8 29. Qxd2 Qe5 30. Qd5+ Qxd5
31. Rxd5 Re7 32. b4 g6 33. Rc6 Rce8 34. Ra5 Re1+ 35. Kf2 R8e2+ 36. Kg3 Rg1 37. Rxa7 Rgxg2+ 38. Kf4 Re8 39. Rcxc7 Rxh2 40. Kg3 Rh5
41. a4 Rg5+ 42. Kf2 h5 43. b5 Rge5 44. b6 h4 45. b7 Re2+ 46. Kf1 Re1+ 47. Kg2 R8e2+ 48. Kh3 Rh1+ 49. Kg4 Rg1+ 50. Kf4 g5+
51. Kf5 Re8 52. Rc8
1-0

[Event "2011 SC Site Championship, Pre Round, Round 2"]
[Site "SchemingMind.com"]
[Date "2010.11.11"]
[Round "2"]
[White "simon_w"]
[Black "paradox"]
[Result "0-1"]
[WhiteCountry "IRL"]
[BlackCountry "GER"]
[WhiteElo "1873"]
[WhiteRD "83"]
[BlackElo "2134"]
[BlackRD "117"]
[GameID "266129"]

1. e4 e6 2. d4 d5 3. Nd2 Be7 4. e5 c5 5. Qg4 g6 6. Ndf3 Nc6 7. a3 cxd4 8. Nxd4 Nxe5 9. Qf4 Bd6 10. Qd2 Nf6
11. f3 O-O 12. Nge2 Nc4 13. Qc3 Bd7 14. Bg5 e5 15. Nb3 Rc8 16. O-O-O Nxa3
0-1

[Event "2011 SC Site Championship, Pre Round, Round 2"]
[Site "SchemingMind.com"]
[Date "2010.11.07"]
[Round "2"]
[White "soundso"]
[Black "CenturyBugs"]
[Result "0-1"]
[WhiteCountry "USA"]
[BlackCountry "ENG"]
[WhiteElo "1864"]
[WhiteRD "88"]
[BlackElo "2102"]
[BlackRD "93"]
[GameID "266130"]

1. d4 Nf6 2. c4 e6 3. Nf3 b6 4. a3 Bb7 5. Nc3 d5 6. cxd5 Nxd5 7. Qc2 Nxc3 8. bxc3 Be7 9. e4 O-O 10. Bd3 c5
11. O-O Qc7 12. Re1 Rc8 13. Be3 cxd4 14. Bxd4 Nc6 15. Be3 h6 16. Bc1 Bf6 17. Ra2 Ne5 18. Nxe5 Bxe5 19. g3 Qxc3 20. Qxc3 Bxc3
21. Bd2 Rd8 22. Bxc3 Rxd3 23. Ba1 Rc8 24. e5 Bd5 25. Rae2 Rxa3 26. Bb2 Rd3 27. Re3 Rxe3 28. Rxe3 Rc2 29. Ba3 a5 30. Re1 b5
31. Bd6 b4
0-1

[Event "2011 SC Site Championship, Pre Round, Round 2"]
[Site "SchemingMind.com"]
[Date "2010.11.11"]
[Round "2"]
[White "SpeedRacer"]
[Black "Alessandro Dotti Contra"]
[Result "1-0"]
[WhiteCountry "USA"]
[BlackCountry "ITA"]
[WhiteElo "1700"]
[WhiteRD "131"]
[BlackElo "1434"]
[BlackRD "95"]
[GameID "266131"]

1. e4 e5 2. Nf3 Nc6 3. Bb5 a6 4. Ba4 Nf6 5. O-O Bc5 6. Nxe5 Nxe5 7. d4 Nxe4 8. Re1 Be7 9. Rxe4 Ng6 10. Bg5 O-O
11. Bxe7 Nxe7 12. Nc3 d5 13. Re2 Bg4 14. f3 Bd7 15. Bxd7 Qxd7 16. Qd3 Qf5 17. Rxe7 Qxd3 18. cxd3 c6 19. Rxb7 f5 20. Rb6 Rfc8
21. Re1 h6 22. Re6 f4 23. Rexc6 Rxc6 24. Rxc6 Re8 25. Nxd5 Re1+ 26. Kf2 Rd1 27. Rxa6 Rd2+ 28. Kf1 Rxd3 29. Ra4 g5 30. Ke2
1-0

[Event "2011 SC Site Championship, Pre Round, Round 2"]
[Site "SchemingMind.com"]
[Date "2010.11.08"]
[Round "2"]
[White "spoke"]
[Black "Girkassa"]
[Result "0-1"]
[WhiteCountry "GER"]
[BlackCountry "NOR"]
[WhiteElo "1686"]
[WhiteRD "66"]
[BlackElo "2104"]
[BlackRD "81"]
[GameID "266132"]

1. e4 e5 2. Nf3 Nc6 3. Bc4 Nf6 4. Ng5 d5 5. exd5 Na5 6. Bb5+ Bd7 7. Bxd7+ Qxd7 8. O-O Nxd5 9. d3 Nc6 10. Bd2 Be7
11. Qh5 Qf5 12. Nc3 Nf4 13. Bxf4 exf4 14. Nce4 g6 15. Qh6 O-O-O 16. Nh3 Nd4 17. Nxf4 Qxf4
0-1

[Event "2011 SC Site Championship, Pre Round, Round 2"]
[Site "SchemingMind.com"]
[Date "2010.11.07"]
[Round "2"]
[White "startstek"]
[Black "Danzino"]
[Result "0-1"]
[WhiteCountry "ALG"]
[BlackCountry "GBR"]
[WhiteElo "1957"]
[WhiteRD "106"]
[BlackElo "2043"]
[BlackRD "99"]
[GameID "266134"]

1. e4 c5 2. Nf3 d6 3. d4 cxd4 4. Nxd4 Nf6 5. Nc3 a6 6. Bg5 e6 7. f4 Qb6 8. Qd2 Qxb2 9. Rb1 Qa3 10. e5 dxe5
11. fxe5 Nfd7 12. Ne4 h6 13. Bh4 Qxa2 14. Rd1 Qd5 15. Qe3 Bc5 16. Nxe6 Bb4+ 17. c3 Qxe6 18. cxb4 O-O 19. Rd6 Qa2 20. Be2 Qb1+
21. Kf2 Qxh1 22. Nf6+ Nxf6 23. exf6 Bh3 24. Qxh3 Qc1 25. fxg7 Qf4+ 26. Bf3 Re8 27. Rf6 Qd2+ 28. Kg3 Qe1+ 29. Kg4 Qxb4+ 30. Rf4 Qd6
31. Bf6 Qe6+ 32. Rf5 Nd7 33. Ba1 Qg6+ 34. Kf4 Qd6+ 35. Kg4 Ne5+ 36. Kh4 Ng6+ 37. Kg4 Qb4+ 38. Kg3 Qe1+ 39. Kg4 Qxa1 40. Qxh6 Re6
41. Kh3 Qxg7 42. Qc1 Ne5 43. Rg5 Rh6+ 44. Kg3 Rg6
0-1

[Event "2011 SC Site Championship, Pre Round, Round 2"]
[Site "SchemingMind.com"]
[Date "2010.11.11"]
[Round "2"]
[White "sthorwall"]
[Black "PawnPusherPete"]
[Result "1/2-1/2"]
[WhiteCountry "USA"]
[BlackCountry "ENG"]
[WhiteElo "2201"]
[WhiteRD "91"]
[BlackElo "2216"]
[BlackRD "70"]
[GameID "266135"]

1. e4 c5 2. b4 d5 3. exd5 cxb4 4. a3 Qxd5 5. Nf3 e5 6. axb4 Bxb4 7. c3 e4 8. cxb4 exf3 9. Qxf3 Qxf3 10. gxf3 Ne7
11. b5 O-O 12. Nc3 Re8 13. d4 Be6 14. Bd3 Nd5 15. Ne4 Nb4 16. Bb1 Rc8 17. Be3 Nd7 18. Nd6 Nc2+ 19. Bxc2 Rxc2 20. Nxb7 Bd5
21. Nd6 Bxf3 22. Rg1 Nb6 23. h4 Nc4 24. Nxc4 Rxc4 25. Rg3 Be4 26. Rg5 Rb4 27. Re5 f5 28. f3 Bxf3 29. Rxf5 Be4=
1/2-1/2

[Event "2011 SC Site Championship, Pre Round, Round 2"]
[Site "SchemingMind.com"]
[Date "2010.11.07"]
[Round "2"]
[White "Tanis"]
[Black "Ingemar Assarsjö"]
[Result "1-0"]
[WhiteCountry "CHN"]
[BlackCountry "SWE"]
[WhiteElo "2039"]
[WhiteRD "90"]
[BlackElo "1807"]
[BlackRD "77"]
[GameID "266136"]

1. e4 e5 2. Nf3 Nc6 3. Bb5 a6 4. Ba4 Nf6 5. O-O Be7 6. Re1 b5 7. Bb3 d6 8. h3 O-O 9. a3 Bb7 10. d3 Qd7
11. Nc3 h6 12. Be3 Na5 13. Bd5 c6 14. Ba2 c5 15. Nd5 Bxd5 16. exd5 c4 17. Bd2 Bd8 18. Bb4 Nxd5 19. dxc4 Nxb4 20. axb4 Nxc4
21. Bxc4 bxc4 22. Nxe5 Qc7 23. Qd5 Bf6 24. Nxc4 Rfd8 25. c3 Be5 26. Nxe5 dxe5 27. Qxe5 Qc4 28. Qe4 Qb3 29. Re2 Re8 30. Qf3 Red8
31. Re7 Qc4 32. b5 Rf8 33. b6 Rab8 34. b7 Qb5 35. b4 Qc4 36. Rd1 Rfd8 37. Rxd8+ Rxd8 38. Rd7 Re8 39. Qd1 Qxc3 40. Rd8 Qe5
41. Qd7
1-0

[Event "2011 SC Site Championship, Pre Round, Round 2"]
[Site "SchemingMind.com"]
[Date "2010.11.08"]
[Round "2"]
[White "The Capitalist"]
[Black "BigB"]
[Result "0-1"]
[WhiteCountry "USA"]
[BlackCountry "SVK"]
[WhiteElo "1459"]
[WhiteRD "72"]
[BlackElo "2414"]
[BlackRD "94"]
[GameID "266137"]

1. e4 c5 2. Nf3 g6 3. d4 cxd4 4. Nxd4 Nc6 5. Nc3 Bg7 6. Be3 Nf6 7. Bc4 Qa5 8. O-O O-O 9. Bb3 d6 10. h3 Bd7
11. f4 Nxd4 12. Bxd4 Bc6 13. Qd3 Rac8 14. Rae1 Nd7 15. Bxg7 Kxg7 16. Qd4+ Kg8 17. Nd5 Rfe8 18. Kh1 Qc5 19. Qd2 e6 20. Nb4 a5
21. Nxc6 bxc6 22. a4 Rb8 23. Rc1 Nf6 24. Rfe1 d5 25. e5 Ne4 26. Qe3 Qb4 27. Red1 c5 28. Qe1 c4 29. Qxb4 Rxb4 30. Ra1 Nf2+
0-1

[Event "2011 SC Site Championship, Pre Round, Round 2"]
[Site "SchemingMind.com"]
[Date "2010.11.09"]
[Round "2"]
[White "thebirdolux"]
[Black "Nut"]
[Result "1-0"]
[WhiteCountry "USA"]
[BlackCountry "USA"]
[WhiteElo "2431"]
[WhiteRD "85"]
[BlackElo "2042"]
[BlackRD "80"]
[GameID "266138"]

1. e4 e5 2. Nf3 Nf6 3. Nxe5 d6 4. Nf3 Nxe4 5. d4 d5 6. Bd3 Be7 7. O-O Nc6 8. c4 Nb4 9. cxd5 Nxd3 10. Qxd3 Qxd5
11. Re1 Bf5 12. Nc3 Nxc3 13. Qxc3 Be6 14. Re5 Qc6 15. Qa5 Qb6 16. Qe1 Rd8 17. Bd2 Bd6 18. Rxe6+ fxe6 19. Qxe6+ Be7 20. Qe5 Rd7
21. Qxg7 Bf6 22. Qg4 Kd8 23. Re1 h6 24. Bxh6 Qxb2 25. Qg6 Rd6 26. Bf4 Rc6 27. d5 Rc2 28. Qf5 Rxf2 29. Rb1 Rxg2+ 30. Kh1 Rh5
31. Bxc7+ Kxc7 32. Qf4+ Qe5 33. Rc1+ Kd8 34. Nxe5 Rhxh2+ 35. Qxh2 Rxh2+ 36. Kxh2 Bxe5+ 37. Kg2 Bc7 38. Kf3 Kd7 39. Rb1 b6 40. Ke4 Kd6
41. a4 a6 42. Rh1 Kc5 43. Rc1+ Kd6 44. Rc6+ Kd7 45. Rh6 Ke7 46. Kd4 Kd7 47. a5 bxa5 48. Kc5 Bf4 49. Rh7+
1-0

[Event "2011 SC Site Championship, Pre Round, Round 2"]
[Site "SchemingMind.com"]
[Date "2010.11.11"]
[Round "2"]
[White "thefriediceman"]
[Black "Archr"]
[Result "1-0"]
[WhiteCountry "USA"]
[BlackCountry "USA"]
[WhiteElo "1914"]
[WhiteRD "75"]
[BlackElo "1548"]
[BlackRD "107"]
[GameID "266139"]

1. e4 e5 2. Nf3 Nc6 3. Bc4 Bc5 4. c3 Nf6 5. d3 a6 6. b4 Ba7 7. a4 d6 8. h3 Be6 9. Bxe6 fxe6 10. Nbd2 O-O
11. Nc4 b5 12. Nb2 d5 13. Bg5 dxe4 14. Bxf6 Rxf6 15. dxe4 Qxd1+ 16. Rxd1 Rd8 17. Rxd8+ Nxd8 18. axb5 axb5 19. O-O Nb7 20. Nd3 Nd6
21. Re1 Nc4 22. Re2 c5 23. bxc5 h6 24. Nfxe5 Nxe5 25. Nxe5 g5 26. Nd7
1-0

[Event "2011 SC Site Championship, Pre Round, Round 2"]
[Site "SchemingMind.com"]
[Date "2010.11.06"]
[Round "2"]
[White "tom claxton"]
[Black "mikewharvey"]
[Result "0-1"]
[WhiteCountry "ENG"]
[BlackCountry "GBR"]
[WhiteElo "1438"]
[WhiteRD "59"]
[BlackElo "1838"]
[BlackRD "100"]
[GameID "266140"]

1. e4 Nf6 2. Nc3 e5 3. Nf3 Nc6 4. Bb5 Bc5 5. d3 Ng4 6. Be3 Nxe3 7. fxe3 Bxe3 8. a3 Nd4 9. Nxe5 c6 10. Bc4 d5
11. exd5 Qh4+ 12. g3 Qf6 13. Ng4 Bxg4 14. Qxg4 Qf2+ 15. Kd1 Qd2#
0-1

[Event "2011 SC Site Championship, Pre Round, Round 2"]
[Site "SchemingMind.com"]
[Date "2010.11.07"]
[Round "2"]
[White "Transcendent"]
[Black "robertoi72"]
[Result "1-0"]
[WhiteCountry "ENG"]
[BlackCountry "ITA"]
[WhiteElo "1789"]
[WhiteRD "51"]
[BlackElo "1887"]
[BlackRD "105"]
[GameID "266141"]

1. d4 Nf6 2. c4 g6 3. g3 Bg7 4. Bg2 O-O 5. Nc3 d6 6. Nf3 Nc6 7. O-O a6 8. Qd3 Bf5 9. e4 Bg4 10. Be3 Nb4
11. Qd2 Nd7 12. h3 Bxf3 13. Bxf3 e5 14. d5 Nf6 15. a3 Nbxd5 16. Nxd5
1-0